[Event "Manx Liberty Masters"]
[Site "Douglas"]
[Date "2021.09.18"]
[Round "1.1"]
[White "McShane, Luke J"]
[Black "Piorun, Kacper"]
[Result "1/2-1/2"]
[WhiteElo "2674"]
[BlackElo "2638"]
[PlyCount "119"]
[EventDate "2021.09.18"]
[EventType "tourn"]
[EventRounds "9"]
[EventCountry "IOM"]
[EventCategory "12"]
[SourceTitle "The Week in Chess 1402"]
[Source "Mark Crowther"]
[SourceDate "2021.09.20"]
[SourceVersion "2"]
[SourceVersionDate "2021.09.20"]
[SourceQuality "2"]

1. e4 e5 2. Nf3 Nc6 3. Bb5 a6 4. Bxc6 dxc6 5. O-O Bg4 6. h3 h5 7. d3 Qf6 8. Be3
Bxf3 9. Qxf3 Qxf3 10. gxf3 Bd6 11. Nd2 Ne7 12. Rfb1 f6 13. b4 g5 14. a4 Ng6 15.
Kf1 h4 16. c4 Nf8 17. c5 Be7 18. Nb3 Ne6 19. Ke2 Kf7 20. d4 Rhd8 21. dxe5 fxe5
22. Na5 Rab8 23. Rd1 Bf6 24. Rxd8 Nxd8 25. Nc4 Ne6 26. Rb1 Ke7 27. Kf1 Kd7 28.
Rd1+ Ke7 29. Rb1 Kd7 30. Rd1+ Ke7 31. Rc1 Kd7 32. Bd2 Nd4 33. Kg2 Ke7 34. Be3
Ne6 35. Na5 Kd7 36. Rd1+ Ke7 37. Rd2 Ke8 38. Kf1 Ke7 39. Ke2 Ke8 40. Ke1 Ke7
41. Kd1 Ke8 42. Kc2 Ke7 43. Rd1 Ke8 44. Kc3 Be7 45. Ra1 Kd7 46. Nc4 Bf6 47.
Rd1+ Ke7 48. Kc2 Ke8 49. Nb2 Ke7 50. Nd3 Rf8 51. Kd2 Ra8 52. Rb1 Kd7 53. Ke2
Ke7 54. Rb2 Kd7 55. Bd2 Rg8 56. Be3 Ra8 57. Ne1 Be7 58. Rb1 Bf6 59. Nc2 Ke7 60.
Ne1 1/2-1/2

[Event "Manx Liberty Masters"]
[Site "Douglas"]
[Date "2021.09.18"]
[Round "1.2"]
[White "Parligras, Mircea-Emilian"]
[Black "Erdos, Viktor"]
[Result "1/2-1/2"]
[WhiteElo "2583"]
[BlackElo "2622"]
[PlyCount "90"]
[EventDate "2021.09.18"]
[EventType "tourn"]
[EventRounds "9"]
[EventCountry "IOM"]
[EventCategory "12"]
[SourceTitle "The Week in Chess 1402"]
[Source "Mark Crowther"]
[SourceDate "2021.09.20"]
[SourceVersion "2"]
[SourceVersionDate "2021.09.20"]
[SourceQuality "2"]

1. d4 Nf6 2. c4 g6 3. Nc3 d5 4. cxd5 Nxd5 5. e4 Nxc3 6. bxc3 Bg7 7. Nf3 c5 8.
h3 O-O 9. Be3 Qa5 10. Bd2 Qa3 11. Be2 b6 12. O-O cxd4 13. cxd4 Bb7 14. e5 Bd5
15. Bc1 Qc3 16. Be3 Nc6 17. Rc1 Qa3 18. Bc4 Nb4 19. Bd2 Bxc4 20. Rxc4 Nd5 21.
Qc2 e6 22. Rc1 a5 23. h4 h6 24. h5 gxh5 25. Nh4 Rfd8 26. g3 b5 27. Rc5 Nb4 28.
Bxb4 axb4 29. Rxb5 Rxd4 30. Qc7 Rad8 31. Kg2 Qa8+ 32. Qb7 Qxb7+ 33. Rxb7 Bxe5
34. Nf3 Re4 35. Nxe5 Rxe5 36. Rxb4 Rd2 37. Rf4 Rxa2 38. Rc7 Rf5 39. Rxf5 exf5
40. Rc5 h4 41. gxh4 Ra4 42. Kg3 Rg4+ 43. Kh3 Rf4 44. Kg3 Rg4+ 45. Kh3 Rf4
1/2-1/2

[Event "Manx Liberty Masters"]
[Site "Douglas"]
[Date "2021.09.18"]
[Round "1.3"]
[White "Csonka, Balazs"]
[Black "Lupulescu, Constantin"]
[Result "1/2-1/2"]
[WhiteElo "2496"]
[BlackElo "2660"]
[PlyCount "79"]
[EventDate "2021.09.18"]
[EventType "tourn"]
[EventRounds "9"]
[EventCountry "IOM"]
[EventCategory "12"]
[SourceTitle "The Week in Chess 1402"]
[Source "Mark Crowther"]
[SourceDate "2021.09.20"]
[SourceVersion "2"]
[SourceVersionDate "2021.09.20"]
[SourceQuality "2"]

1. d4 Nf6 2. c4 e6 3. Nc3 d5 4. cxd5 exd5 5. Bg5 c6 6. e3 Be7 7. Bd3 Nbd7 8. h3
Nb6 9. Nf3 Nh5 10. Bxe7 Qxe7 11. Qe2 g6 12. O-O-O Ng7 13. g4 Be6 14. Nd2 O-O-O
15. Nb3 Kb8 16. Qf3 h5 17. Nc5 Bc8 18. Kb1 Rh7 19. Ne2 Rdh8 20. Nf4 hxg4 21.
hxg4 Nd7 22. Nxd7+ Bxd7 23. Rxh7 Rxh7 24. Be2 Qe4+ 25. Nd3 Qxf3 26. Bxf3 g5 27.
Kc1 f6 28. Kd2 Ne8 29. Rg1 Nd6 30. Ke1 Rh2 31. Kf1 Nc4 32. Rg3 Nd2+ 33. Kg1
Nxf3+ 34. Rxf3 Rh6 35. Rg3 b6 36. f4 Rg6 37. f5 Rh6 38. e4 dxe4 39. Nf2 Be8 40.
Nxe4 1/2-1/2

[Event "Manx Liberty Masters"]
[Site "Douglas"]
[Date "2021.09.18"]
[Round "1.5"]
[White "Kolbus, Dietmar"]
[Black "Gavrilescu, David"]
[Result "0-1"]
[WhiteElo "2295"]
[BlackElo "2477"]
[PlyCount "112"]
[EventDate "2021.09.18"]
[EventType "tourn"]
[EventRounds "9"]
[EventCountry "IOM"]
[EventCategory "12"]
[SourceTitle "The Week in Chess 1402"]
[Source "Mark Crowther"]
[SourceDate "2021.09.20"]
[SourceVersion "2"]
[SourceVersionDate "2021.09.20"]
[SourceQuality "2"]

1. c4 e5 2. Nc3 d6 3. d4 exd4 4. Qxd4 Nc6 5. Qd2 Nf6 6. e4 g6 7. Bd3 Bg7 8.
Nge2 O-O 9. O-O Re8 10. f3 Ne5 11. b3 c6 12. Bc2 Be6 13. Rb1 Qb6+ 14. Kh1 d5
15. Na4 Qc7 16. f4 Neg4 17. e5 Ne4 18. Bxe4 dxe4 19. Nd4 f5 20. exf6 e3 21. Qe2
Nf2+ 22. Kg1 Bg4 23. Nf3 Bxf6 24. h3 Bxf3 25. Qxf3 Bd4 26. Bb2 Rad8 27. Rbe1
Qg7 28. Bxd4 Qxd4 29. Re2 Re4 30. Rfe1 Rde8 31. Nb2 Rxf4 32. Qg3 Rfe4 33. Kh2
Kg7 34. Kg1 h5 35. Qc7+ R8e7 36. Qb8 Qf6 37. Nd1 Qg5 38. Kh2 Re8 39. Qc7+ R8e7
40. Qg3 Qxg3+ 41. Kxg3 h4+ 42. Kh2 Nd3 43. Nc3 Nxe1 44. Nxe4 Nxg2 45. Kxg2 Rxe4
46. Kf3 Re5 47. Rxe3 Rxe3+ 48. Kxe3 Kf6 49. c5 Kf5 50. b4 g5 51. Kf3 a6 52. a3
g4+ 53. hxg4+ Kg5 54. a4 h3 55. Kg3 h2 56. Kxh2 Kxg4 0-1

[Event "Manx Liberty Masters"]
[Site "Douglas"]
[Date "2021.09.19"]
[Round "2.1"]
[White "Galyas, Miklos"]
[Black "McShane, Luke J"]
[Result "1/2-1/2"]
[WhiteElo "2448"]
[BlackElo "2674"]
[PlyCount "99"]
[EventDate "2021.09.18"]
[EventType "tourn"]
[EventRounds "9"]
[EventCountry "IOM"]
[EventCategory "12"]
[SourceTitle "The Week in Chess 1402"]
[Source "Mark Crowther"]
[SourceDate "2021.09.20"]
[SourceVersion "2"]
[SourceVersionDate "2021.09.20"]
[SourceQuality "2"]

1. c4 c5 2. g3 g6 3. Bg2 Bg7 4. Nc3 Nc6 5. Nf3 Nh6 6. d4 cxd4 7. Nxd4 O-O 8.
Nc2 b6 9. O-O Nf5 10. Qd2 Bb7 11. b3 Qb8 12. Bb2 Rd8 13. e4 Qd6 14. Qe1 Nfd4
15. Nxd4 Qxd4 16. Rd1 Qe5 17. Ba1 Qb8 18. f4 d6 19. Nd5 Bxa1 20. Rxa1 e6 21.
Nf6+ Kg7 22. Ng4 f6 23. Qc3 Rf8 24. Rad1 Qc7 25. Qd2 h5 26. Ne3 Rad8 27. Qc3
Qf7 28. Rf2 e5 29. Rfd2 Qc7 30. h4 Nd4 31. f5 b5 32. fxg6 Kxg6 33. Rxd4 exd4
34. Rxd4 bxc4 35. bxc4 Bc8 36. Nd5 Qc5 37. Kh2 Bg4 38. Qd2 Rde8 39. Nf4+ Kg7
40. Rd5 Qxc4 41. Nxh5+ Bxh5 42. Rxh5 Re5 43. Qh6+ Kf7 44. Rxe5 fxe5 45. Qh7+
Ke8 46. Qxa7 Qc2 47. Qb8+ Ke7 48. Qb7+ Ke6 49. Qd5+ Ke7 50. Qb7+ 1/2-1/2

[Event "Manx Liberty Masters"]
[Site "Douglas"]
[Date "2021.09.19"]
[Round "2.2"]
[White "Lupulescu, Constantin"]
[Black "Gavrilescu, David"]
[Result "1/2-1/2"]
[WhiteElo "2660"]
[BlackElo "2477"]
[PlyCount "63"]
[EventDate "2021.09.18"]
[EventType "tourn"]
[EventRounds "9"]
[EventCountry "IOM"]
[EventCategory "12"]
[SourceTitle "The Week in Chess 1402"]
[Source "Mark Crowther"]
[SourceDate "2021.09.20"]
[SourceVersion "2"]
[SourceVersionDate "2021.09.20"]
[SourceQuality "2"]

1. e4 e6 2. d4 d5 3. exd5 exd5 4. Nf3 Bd6 5. c4 c6 6. c5 Bc7 7. Bd3 Ne7 8. O-O
Nd7 9. Re1 Nf8 10. h3 Ne6 11. Qc2 h6 12. Nc3 O-O 13. Ne2 b6 14. Be3 Rb8 15.
Rab1 a5 16. cxb6 Rxb6 17. Bd2 Rb8 18. b4 axb4 19. Bxb4 Bd6 20. Bxd6 Qxd6 21.
Rxb8 Qxb8 22. a4 Qa7 23. Ra1 Ba6 24. Bxa6 Qxa6 25. Nc1 Ra8 26. a5 Qb5 27. Nb3
g6 28. g3 Nf5 29. Qc3 Nd6 30. Nfd2 Nc4 31. Nxc4 Qxc4 32. Rc1 1/2-1/2

[Event "Manx Liberty Masters"]
[Site "Douglas"]
[Date "2021.09.19"]
[Round "2.3"]
[White "Erdos, Viktor"]
[Black "Kolbus, Dietmar"]
[Result "1/2-1/2"]
[WhiteElo "2622"]
[BlackElo "2295"]
[PlyCount "116"]
[EventDate "2021.09.18"]
[EventType "tourn"]
[EventRounds "9"]
[EventCountry "IOM"]
[EventCategory "12"]
[SourceTitle "The Week in Chess 1402"]
[Source "Mark Crowther"]
[SourceDate "2021.09.20"]
[SourceVersion "2"]
[SourceVersionDate "2021.09.20"]
[SourceQuality "2"]

1. d4 d5 2. c4 e6 3. Nc3 Nf6 4. cxd5 exd5 5. Bg5 Be7 6. e3 c6 7. Bd3 Nbd7 8.
Nge2 Nf8 9. Qc2 Ne6 10. Bh4 Nh5 11. Bxe7 Qxe7 12. O-O-O Nf6 13. h4 h5 14. Kb1
Bd7 15. Ng3 Nc7 16. Na4 O-O-O 17. Nc5 Kb8 18. Qb3 Bc8 19. Nf5 Qf8 20. Qa3 Ka8
21. Rc1 Nb5 22. Qa4 Nd7 23. Ng3 Nb6 24. Qd1 Bg4 25. f3 Bc8 26. Bxb5 cxb5 27. b3
a6 28. Qd2 Qe7 29. Qf2 Rde8 30. Rce1 Ka7 31. Kb2 Rh6 32. Nd3 f6 33. Qd2 Rhh8
34. Qb4 Qf7 35. Qd2 Qg6 36. Nf1 Bf5 37. Nf4 Qf7 38. Ng3 Bg6 39. Rc1 Re7 40.
Rhe1 Rd8 41. Qb4 Red7 42. Rc5 Rd6 43. Rec1 R8d7 44. Rc7 Qe8 45. Rxd7 Rxd7 46.
Rc3 Qf7 47. Qc5 Rd8 48. e4 dxe4 49. fxe4 Rc8 50. Qd6 Rxc3 51. Kxc3 Nc8 52. Qd8
Nb6 53. Qd6 Nc8 54. Qc5+ Kb8 55. Kd2 Qe8 56. Ke3 b6 57. Qb4 a5 58. Qc3 Bxe4
1/2-1/2

[Event "Manx Liberty Masters"]
[Site "Douglas"]
[Date "2021.09.19"]
[Round "2.4"]
[White "Piorun, Kacper"]
[Black "Pert, Richard"]
[Result "1-0"]
[WhiteElo "2638"]
[BlackElo "2416"]
[PlyCount "59"]
[EventDate "2021.09.18"]
[EventType "tourn"]
[EventRounds "9"]
[EventCountry "IOM"]
[EventCategory "12"]
[SourceTitle "The Week in Chess 1402"]
[Source "Mark Crowther"]
[SourceDate "2021.09.20"]
[SourceVersion "2"]
[SourceVersionDate "2021.09.20"]
[SourceQuality "2"]

1. e4 c6 2. d4 d5 3. Nc3 dxe4 4. Nxe4 Nf6 5. Nxf6+ exf6 6. Be3 Bd6 7. Bd3 Na6
8. a3 Nc7 9. c4 b5 10. Qf3 O-O 11. cxb5 cxb5 12. Be4 Rb8 13. Ne2 b4 14. a4 f5
15. Bxf5 Bb7 16. Be4 Ba6 17. Ng3 g6 18. Nf5 f6 19. Nxd6 Qxd6 20. Bh6 Qxd4 21.
Rd1 Qxb2 22. Bxf8 Rxf8 23. Bd3 Qe5+ 24. Kf1 Rd8 25. Bxa6 Rxd1+ 26. Qxd1 Nxa6
27. h4 Nc5 28. h5 Ne4 29. hxg6 Nd2+ 30. Qxd2 1-0

[Event "Manx Liberty Masters"]
[Site "Douglas"]
[Date "2021.09.19"]
[Round "2.5"]
[White "Parligras, Mircea-Emilian"]
[Black "Csonka, Balazs"]
[Result "1-0"]
[WhiteElo "2583"]
[BlackElo "2496"]
[PlyCount "111"]
[EventDate "2021.09.18"]
[EventType "tourn"]
[EventRounds "9"]
[EventCountry "IOM"]
[EventCategory "12"]
[SourceTitle "The Week in Chess 1402"]
[Source "Mark Crowther"]
[SourceDate "2021.09.20"]
[SourceVersion "2"]
[SourceVersionDate "2021.09.20"]
[SourceQuality "2"]

1. d4 d5 2. c4 e6 3. Nc3 c6 4. e3 Nf6 5. Nf3 Nbd7 6. Qc2 Bd6 7. b3 O-O 8. Be2
b6 9. O-O Bb7 10. Bb2 Qe7 11. Rad1 Rad8 12. Rfe1 Rfe8 13. Bf1 e5 14. dxe5 Nxe5
15. Nd4 dxc4 16. Nf5 Qe6 17. Nxd6 Rxd6 18. Rxd6 Qxd6 19. Rd1 Qe6 20. Ne4 cxb3
21. axb3 Nxe4 22. Qxe4 f6 23. Bxe5 Qxe5 24. Bc4+ Kh8 25. Qxe5 fxe5 26. Rd7 Rb8
27. Re7 c5 28. Rxe5 Bc6 29. f4 a5 30. Bd5 Be8 31. Re7 a4 32. bxa4 Bxa4 33. Rc7
g6 34. Kf2 b5 35. Rxc5 b4 36. Be4 b3 37. Rc4 Bd7 38. Bb1 Ra8 39. Rb4 Be6 40.
Bd3 Ra2+ 41. Kf3 Rd2 42. Bc4 Bxc4 43. Rxc4 Rd1 44. Rb4 Rb1 45. Rb7 b2 46. Ke4
Kg8 47. g3 Kf8 48. Ke5 Re1 49. Rxb2 Rxe3+ 50. Kf6 Re8 51. Kg5 Kg8 52. Kh6 Rd8
53. Rb7 Rd2 54. Rg7+ Kf8 55. Kxh7 Rxh2+ 56. Kxg6 1-0

[Event "Manx Liberty Masters"]
[Site "Douglas"]
[Date "2021.09.20"]
[Round "3.1"]
[White "Pert, Richard"]
[Black "McShane, Luke J"]
[Result "0-1"]
[WhiteElo "2416"]
[BlackElo "2674"]
[PlyCount "146"]
[EventDate "2021.09.18"]
[EventType "tourn"]
[EventRounds "9"]
[EventCountry "IOM"]
[EventCategory "12"]
[SourceTitle "The Week in Chess 1402"]
[Source "Mark Crowther"]
[SourceDate "2021.09.20"]
[SourceVersion "2"]
[SourceVersionDate "2021.09.20"]
[SourceQuality "2"]

1. d4 Nf6 2. Nf3 g6 3. g3 Bg7 4. Bg2 O-O 5. O-O c6 6. c4 d6 7. Nc3 Nbd7 8. b3
Re8 9. Bb2 e5 10. dxe5 dxe5 11. Ng5 Nc5 12. b4 Qb6 13. bxc5 Qxb2 14. Qb3 Qxb3
15. axb3 e4 16. Ngxe4 Nxe4 17. Nxe4 Bxa1 18. Rxa1 Kf8 19. e3 Rd8 20. Nd6 Ke7
21. b4 Rxd6 22. cxd6+ Kxd6 23. c5+ Kc7 24. Kf1 b6 25. cxb6+ Kxb6 26. b5 Kxb5
27. Rb1+ Kc5 28. Rc1+ Kb4 29. Rb1+ Kc3 30. Bxc6 Bh3+ 31. Ke2 Rd8 32. Ra1 Rd6
33. Be4 a6 34. Bb7 Bg4+ 35. f3 Be6 36. Ke1 Bc4 37. Rc1+ Kb4 38. Rb1+ Kc5 39.
Be4 a5 40. Bc2 Rb6 41. Rxb6 Kxb6 42. Kd2 Kc5 43. Kc3 Bb5 44. h4 h6 45. Bb3 Be8
46. f4 f6 47. Bg8 a4 48. Ba2 g5 49. hxg5 hxg5 50. e4 Bg6 51. Bb1 Bf7 52. e5
fxe5 53. fxg5 Bg8 54. Bc2 a3 55. Bf5 Kd6 56. Be4 Kc5 57. Bf5 Kc6 58. Be4+ Kd6
59. Bf5 Bd5 60. Bd3 Ke7 61. Bf5 Kf8 62. g6 Kg7 63. Bd3 Kf6 64. Bc2 Kg5 65. Bd3
Bg8 66. Bc2 Kg4 67. Be4 Kxg3 68. Kc2 Kf4 69. Bc6 Kf5 70. Be8 e4 71. Bf7 a2 72.
Kb2 e3 73. Bxg8 e2 0-1

[Event "Manx Liberty Masters"]
[Site "Douglas"]
[Date "2021.09.20"]
[Round "3.3"]
[White "Gavrilescu, David"]
[Black "Parligras, Mircea-Emilian"]
[Result "1/2-1/2"]
[WhiteElo "2477"]
[BlackElo "2583"]
[PlyCount "70"]
[EventDate "2021.09.18"]
[EventType "tourn"]
[EventRounds "9"]
[EventCountry "IOM"]
[EventCategory "12"]
[SourceTitle "The Week in Chess 1402"]
[Source "Mark Crowther"]
[SourceDate "2021.09.20"]
[SourceVersion "2"]
[SourceVersionDate "2021.09.20"]
[SourceQuality "2"]

1. e4 e5 2. Nf3 Nc6 3. Bb5 Nf6 4. O-O Nxe4 5. Re1 Nd6 6. Nxe5 Nxe5 7. Rxe5+ Be7
8. Bf1 O-O 9. d4 Ne8 10. Nc3 Bf6 11. Re1 d5 12. Ne2 c6 13. Nf4 Nd6 14. c3 Bf5
15. Bd3 Bxd3 16. Nxd3 Bg5 17. Qg4 Bxc1 18. Raxc1 Qc7 19. g3 Rae8 20. Qf4 Rxe1+
21. Rxe1 Re8 22. Rxe8+ Nxe8 23. Qxc7 Nxc7 24. Kf1 Ne6 25. Ke2 Kf8 26. Ke3 Ke7
27. h4 g6 28. Nf4 Nxf4 29. Kxf4 Kf6 30. g4 h6 31. g5+ hxg5+ 32. hxg5+ Ke6 33.
Kg4 Ke7 34. Kf4 Ke6 35. Kg4 Ke7 1/2-1/2

[Event "Manx Liberty Masters"]
[Site "Douglas"]
[Date "2021.09.20"]
[Round "3.4"]
[White "Galyas, Miklos"]
[Black "Piorun, Kacper"]
[Result "0-1"]
[WhiteElo "2448"]
[BlackElo "2638"]
[PlyCount "126"]
[EventDate "2021.09.18"]
[EventType "tourn"]
[EventRounds "9"]
[EventCountry "IOM"]
[EventCategory "12"]
[SourceTitle "The Week in Chess 1402"]
[Source "Mark Crowther"]
[SourceDate "2021.09.20"]
[SourceVersion "2"]
[SourceVersionDate "2021.09.20"]
[SourceQuality "2"]

1. c4 e5 2. g3 Nf6 3. Bg2 c6 4. Nf3 d6 5. O-O Be7 6. Nc3 O-O 7. Qc2 Re8 8. d4
Nbd7 9. e4 a6 10. Rd1 Qc7 11. a4 a5 12. h3 Bf8 13. Be3 exd4 14. Nxd4 Nc5 15.
Rab1 g6 16. Bf4 Nfd7 17. b3 Ne5 18. Be3 Qe7 19. f4 Ned7 20. Re1 Bg7 21. Rbd1
Na6 22. Bf2 Ndc5 23. Qb1 Bd7 24. Nde2 Rad8 25. Bd4 Bc8 26. Bxg7 Kxg7 27. Nd4
Qf6 28. Qc1 Rd7 29. Rf1 Kg8 30. f5 g5 31. Nf3 Nxb3 32. Qxg5+ Qxg5 33. Nxg5 Nbc5
34. h4 f6 35. Nh3 Nb4 36. Nf4 Nc2 37. Kf2 Na3 38. g4 h6 39. Bf3 Nxc4 40. Rg1
Red8 41. g5 hxg5 42. hxg5 fxg5 43. f6 Ne5 44. Rxg5+ Kf7 45. Rf5 Rg8 46. Rh1 Kf8
47. Rd1 Nxf3 48. Kxf3 Rh7 49. Rxd6 Bxf5 50. exf5 Kf7 51. Ng6 Rh3+ 52. Kf4 Rxg6
53. fxg6+ Kxg6 54. Ne2 Rh4+ 55. Kf3 Rxa4 56. Nf4+ Kf7 57. Nh3 Ne6 58. Rd7+ Kxf6
59. Rxb7 Ra3+ 60. Kg4 Ke5 61. Rb1 c5 62. Re1+ Kd5 63. Nf2 a4 0-1

[Event "Manx Liberty Masters"]
[Site "Douglas"]
[Date "2021.09.20"]
[Round "3.5"]
[White "Lupulescu, Constantin"]
[Black "Erdos, Viktor"]
[Result "1/2-1/2"]
[WhiteElo "2660"]
[BlackElo "2622"]
[PlyCount "61"]
[EventDate "2021.09.18"]
[EventType "tourn"]
[EventRounds "9"]
[EventCountry "IOM"]
[EventCategory "12"]
[SourceTitle "The Week in Chess 1402"]
[Source "Mark Crowther"]
[SourceDate "2021.09.20"]
[SourceVersion "2"]
[SourceVersionDate "2021.09.20"]
[SourceQuality "2"]

1. d4 Nf6 2. c4 g6 3. Nf3 Bg7 4. e3 O-O 5. h3 d6 6. Nc3 Nbd7 7. Be2 e5 8. O-O
Re8 9. Qc2 Qe7 10. b4 e4 11. Nd2 Nf8 12. Bb2 h5 13. Rfc1 Bf5 14. Nf1 N8h7 15.
Qd1 Ng5 16. Nh2 Bh6 17. Bf1 Rad8 18. d5 a6 19. Ne2 Bg7 20. a4 h4 21. a5 Nd7 22.
Bxg7 Kxg7 23. Nd4 Ne5 24. c5 dxc5 25. Rxc5 c6 26. dxc6 Nxc6 27. Nxf5+ gxf5 28.
Qb3 Ne5 29. Rd1 Kg6 30. Be2 Rxd1+ 31. Qxd1 1/2-1/2

[Event "Manx Liberty Masters"]
[Site "Douglas"]
[Date "2021.09.21"]
[Round "4.1"]
[White "McShane, Luke J"]
[Black "Erdos, Viktor"]
[Result "1-0"]
[WhiteElo "2674"]
[BlackElo "2622"]
[PlyCount "69"]
[EventDate "2021.09.18"]
[EventType "tourn"]
[EventRounds "9"]
[EventCountry "IOM"]
[EventCategory "12"]
[SourceTitle "The Week in Chess 1403"]
[Source "Mark Crowther"]
[SourceDate "2021.09.27"]
[SourceVersion "2"]
[SourceVersionDate "2021.09.29"]
[SourceQuality "2"]

1. e4 e5 2. Nf3 Nc6 3. Bb5 a6 4. Ba4 Nf6 5. O-O b5 6. Bb3 Bc5 7. c3 d6 8. d4
Bb6 9. Be3 O-O 10. Nbd2 Re8 11. h3 Rb8 12. Re1 Bb7 13. Bc2 h6 14. a3 a5 15. Nf1
Na7 16. Ng3 exd4 17. Bxd4 c5 18. Bxf6 Qxf6 19. Nh5 Qe7 20. Nf4 c4 21. Nd5 Bxd5
22. Qxd5 Qe6 23. Rad1 Qxd5 24. Rxd5 Bc7 25. Red1 Kf8 26. g3 Re7 27. Kg2 Nc6 28.
Nd4 Nxd4 29. R1xd4 Bb6 30. Rxb5 Reb7 31. Rxc4 Bxf2 32. Rc8+ Rxc8 33. Rxb7 Bd4
34. Bb3 Be5 35. Bxf7 1-0

[Event "Manx Liberty Masters"]
[Site "Douglas"]
[Date "2021.09.21"]
[Round "4.2"]
[White "Piorun, Kacper"]
[Black "Lupulescu, Constantin"]
[Result "0-1"]
[WhiteElo "2638"]
[BlackElo "2660"]
[PlyCount "132"]
[EventDate "2021.09.18"]
[EventType "tourn"]
[EventRounds "9"]
[EventCountry "IOM"]
[EventCategory "12"]
[SourceTitle "The Week in Chess 1403"]
[Source "Mark Crowther"]
[SourceDate "2021.09.27"]
[SourceVersion "2"]
[SourceVersionDate "2021.09.29"]
[SourceQuality "2"]

1. e4 e6 2. d4 d5 3. e5 c5 4. c3 Nc6 5. Nf3 Bd7 6. Be2 Nge7 7. Na3 cxd4 8. cxd4
Nf5 9. Nc2 Be7 10. O-O O-O 11. Rb1 f6 12. g4 Nh6 13. exf6 Rxf6 14. g5 Rxf3 15.
Bxf3 Bxg5 16. Be3 Qf6 17. Bg2 Nf5 18. Qg4 Bh4 19. Rbd1 Rf8 20. Qe2 Be8 21. b4
a6 22. a4 Nd6 23. Bc1 Bg6 24. Bb2 Ne4 25. f3 Nd6 26. Bc3 Bxc2 27. Qxc2 Nc4 28.
Qe2 Ne7 29. Be1 Bg5 30. f4 Bxf4 31. Bg3 Be3+ 32. Kh1 Nf5 33. Bh3 Qg6 34. Qf3
Nd2 35. Rxd2 Bxd2 36. Be5 Qh6 37. Qg2 Qg5 38. Rg1 Qxg2+ 39. Rxg2 Bh6 40. Rc2 b5
41. axb5 axb5 42. Rc5 Ra8 43. Rxb5 Ra1+ 44. Kg2 Ra2+ 45. Kf1 Ra1+ 46. Ke2 Ra2+
47. Kf1 Rb2 48. Rb8+ Kf7 49. Rb7+ Kg6 50. b5 Rb3 51. Bxf5+ exf5 52. Kg2 f4 53.
b6 Kh5 54. Bxg7 f3+ 55. Kf2 Bg5 56. Be5 Kg4 57. h3+ Kxh3 58. Rxh7+ Kg4 59. Rg7
Rb2+ 60. Kf1 Rb1+ 61. Kf2 Rb2+ 62. Kf1 Rxb6 63. Rg8 Rb1+ 64. Kf2 Rb2+ 65. Kg1
Kf5 66. Rf8+ Ke4 0-1

[Event "Manx Liberty Masters"]
[Site "Douglas"]
[Date "2021.09.21"]
[Round "4.3"]
[White "Parligras, Mircea-Emilian"]
[Black "Galyas, Miklos"]
[Result "1-0"]
[WhiteElo "2583"]
[BlackElo "2448"]
[PlyCount "69"]
[EventDate "2021.09.18"]
[EventType "tourn"]
[EventRounds "9"]
[EventCountry "IOM"]
[EventCategory "12"]
[SourceTitle "The Week in Chess 1403"]
[Source "Mark Crowther"]
[SourceDate "2021.09.27"]
[SourceVersion "2"]
[SourceVersionDate "2021.09.29"]
[SourceQuality "2"]

1. d4 d5 2. c4 c6 3. Nf3 Nf6 4. Nc3 a6 5. e3 Bf5 6. Ne5 Nbd7 7. Qb3 Qc7 8. cxd5
Nxe5 9. dxe5 Nxd5 10. Bc4 e6 11. e4 Nxc3 12. exf5 Nd5 13. Bxd5 Qa5+ 14. Bd2
Qxd5 15. Qxd5 exd5 16. Ke2 Bc5 17. f4 Kd7 18. Bc3 Rhe8 19. Kd3 Bb6 20. b4 a5
21. a3 axb4 22. axb4 c5 23. bxc5 Bxc5 24. g4 Kc6 25. Bd4 b6 26. h4 g6 27. f6 h5
28. g5 Kd7 29. Rhc1 Kc6 30. f5 Rxa1 31. Rxa1 gxf5 32. Ra7 f4 33. g6 fxg6 34. f7
Rf8 35. e6 1-0

[Event "Manx Liberty Masters"]
[Site "Douglas"]
[Date "2021.09.22"]
[Round "5.1"]
[White "McShane, Luke J"]
[Black "Parligras, Mircea-Emilian"]
[Result "1-0"]
[WhiteElo "2674"]
[BlackElo "2583"]
[PlyCount "85"]
[EventDate "2021.09.18"]
[EventType "tourn"]
[EventRounds "9"]
[EventCountry "IOM"]
[EventCategory "12"]
[SourceTitle "The Week in Chess 1403"]
[Source "Mark Crowther"]
[SourceDate "2021.09.27"]
[SourceVersion "2"]
[SourceVersionDate "2021.09.29"]
[SourceQuality "2"]

1. Nf3 d5 2. g3 Bg4 3. Bg2 e6 4. O-O Nf6 5. h3 Bh5 6. c4 c6 7. d3 Be7 8. Qb3
Qc8 9. Nc3 O-O 10. Bf4 Nbd7 11. cxd5 exd5 12. Nd4 Nc5 13. Qc2 Bg6 14. Rad1 Ne6
15. Be3 c5 16. Nxe6 fxe6 17. Bg5 c4 18. e4 cxd3 19. Qxd3 Bb4 20. Bxf6 Rxf6 21.
Ne2 Qf8 22. Nf4 Bxe4 23. Bxe4 dxe4 24. Qxe4 Bd6 25. Nd3 Qe7 26. Rfe1 Rc8 27.
Re2 Rc6 28. Rc1 Rxc1+ 29. Nxc1 Qc7 30. Rc2 Qb6 31. Kg2 Qb5 32. Nd3 Qd5 33. Qxd5
exd5 34. Rc8+ Rf8 35. Rxf8+ Kxf8 36. Kf3 Ke7 37. Nf4 Bxf4 38. Kxf4 Ke6 39. Ke3
h5 40. g4 h4 41. f4 g6 42. Kd4 Kd6 43. f5 1-0

[Event "Manx Liberty Masters"]
[Site "Douglas"]
[Date "2021.09.22"]
[Round "5.2"]
[White "Csonka, Balazs"]
[Black "Piorun, Kacper"]
[Result "0-1"]
[WhiteElo "2496"]
[BlackElo "2638"]
[PlyCount "84"]
[EventDate "2021.09.18"]
[EventType "tourn"]
[EventRounds "9"]
[EventCountry "IOM"]
[EventCategory "12"]
[SourceTitle "The Week in Chess 1403"]
[Source "Mark Crowther"]
[SourceDate "2021.09.27"]
[SourceVersion "2"]
[SourceVersionDate "2021.09.29"]
[SourceQuality "2"]

1. e4 c5 2. Nf3 Nc6 3. Bb5 Nf6 4. Nc3 g6 5. e5 Ng4 6. Bxc6 dxc6 7. d3 Bg7 8.
Bf4 g5 9. Bg3 h5 10. Nxg5 Nxe5 11. Qe2 Ng6 12. h4 e5 13. f4 Bg4 14. Qe4 f5 15.
Qc4 Qe7 16. O-O O-O-O 17. Rae1 Rhe8 18. Qf7 Rd6 19. fxe5 Nxe5 20. Qxe7 Rxe7 21.
Bxe5 Bxe5 22. Rxe5 Rxe5 23. Nf7 Rde6 24. Nxe5 Rxe5 25. Kf2 Kd7 26. Re1 Rxe1 27.
Kxe1 Ke6 28. Ne2 Ke5 29. g3 Bxe2 30. Kxe2 f4 31. Kf3 fxg3 32. Kxg3 c4 33. dxc4
Ke4 34. c5 a5 35. a4 Ke3 36. c3 Ke4 37. b4 Ke3 38. b5 Ke4 39. b6 Ke3 40. Kg2
Kd3 41. Kf3 Kxc3 42. Kf4 Kb4 0-1

[Event "Manx Liberty Masters"]
[Site "Douglas"]
[Date "2021.09.22"]
[Round "5.3"]
[White "Pert, Richard"]
[Black "Erdos, Viktor"]
[Result "1/2-1/2"]
[WhiteElo "2416"]
[BlackElo "2622"]
[PlyCount "61"]
[EventDate "2021.09.18"]
[EventType "tourn"]
[EventRounds "9"]
[EventCountry "IOM"]
[EventCategory "12"]
[SourceTitle "The Week in Chess 1403"]
[Source "Mark Crowther"]
[SourceDate "2021.09.27"]
[SourceVersion "2"]
[SourceVersionDate "2021.09.29"]
[SourceQuality "2"]

1. d4 Nf6 2. c4 g6 3. Nc3 d5 4. cxd5 Nxd5 5. e4 Nxc3 6. bxc3 Bg7 7. Nf3 c5 8.
Rb1 O-O 9. Be2 b6 10. O-O Qc7 11. Re1 Nc6 12. d5 Rd8 13. Bd2 Ne5 14. c4 e6 15.
Bg5 Re8 16. Bh4 Nxf3+ 17. Bxf3 Be5 18. Bg3 Rd8 19. Rb3 Bxg3 20. hxg3 Qe5 21.
Qc1 Re8 22. Rbe3 Bd7 23. Bg4 Qc7 24. Qd1 exd5 25. exd5 Rxe3 26. Rxe3 Bxg4 27.
Qxg4 Qd6 28. Qe2 Kf8 29. Qb2 Kg8 30. Qe2 Kf8 31. Qb2 1/2-1/2